XCOM: Enemy Within Enemy Units - Statistics

General Stats
  • This quiz has been taken 39 times
  • The average score is 14 of 21
Answer Stats
Hint Answer % Correct
Alien Muton
96%
Alien Thin Man
91%
Alien Drone
87%
Alien Sectoid
87%
EXALT Exalt Sniper
83%
EXALT Exalt Heavy
78%
Alien Sectoid Commander
78%
Alien Cyberdisc
74%
Alien Floater
74%
Alien Heavy Floater
74%
Alien Ethereal
70%
EXALT EXALT Medic
70%
Alien Muton Berserker
70%
Alien Chryssalid
65%
Alien Zombie
65%
Alien Mechtoid
61%
Alien Muton Elite
61%
Alien Seeker
57%
Alien Outsider
39%
Alien Sectapod
30%
EXALT EXALT Operative
22%
No matching quizzes found
Score Distribution
Percent of People with Each Score
Percentile by Number Answered
Your Score History
You have not taken this quiz